000 00528nam a2200181Ia 4500
005 20250508155859.0
008 008 250505s9999 xx 000 0 hin d
037 _aBooks to be hide in OPAC
040 _aFEDL
_beng
_cFEDL
041 _ahin
_2eng
084 _a371.4, NCE/O
_qFEDL
100 _aDesai L R
_9761063
245 0 _aBuniyadi shalaon ka nirishan
260 _aNew Delhi, India
_bRashtiya Buniyadi Shiksha Sansthan
_c1963
300 _a64p.
942 _cHB
_h371.4, NCE/O
999 _c1359819
_d1359819